1219 1376 1937 1089 1963 1897 1869 1763 1794 1570 1370 1724 1747 1750 1746 1329 1506 1120 1584 1286 1762 1931 1380 1518 1794 1923 1653 1062 1021 1833 1054 1732 1867 1001 1061 1997 1471 1454 1621 1025 1060 1577 1595 1113 1452 1383 1107 1065 1967 1424 1356 1851 1347 1679 1276 1381 1653 1049 1598 1863 1108 1556 1360 1189 1689 1353 1033 1873 1508 1347 1256 1120 1687 1155 1333 1334 1263 1657 1512 1950 1460 1246 1507 1874 1671 1800 1950 1836 1090 1923 1009 1865 1147 1897 1368 1860 1149 1322 1225 BCNSPRNW ULIB Ver.6.0+V

เปลี่ยนเป็นภาษาไทย

Change to English
 แสดงรายละเอียดบรรณานุกรม
  กลับหน้าหลัก

Brief Record : Get Marc (ISO 2709) : E-mail record : QR code < ปิดหน้าต่าง
LEADER : 00000nam 2200000uu 4500
001    13399111274
003     ULIB
008    110622s2550||||th 000 0 tha d
020    9789747884401
050  0 QA95^bร476ล 2550
100 0  ริวตะ คาวาชิม่า
245 00 เลขคณิตพิชิตสมองเสื่อม/^cเขียนโดย ริวตะ คาวาชิม่า
260    กรุงเทพฯ:^bเนชั่นบุ๊คส์,^c2550
300    176 หน้า :^bภาพประกอบ;^
650  0 นันทนาการคณิตศาสตร์
945    ^p185^l0^i14853
955    กัณชพร
999 ^a ใช้งานได้ทุกระบบ
รายการนี้ยังไม่มีแท็ก
คุณยังไม่ได้ล็อกอิน คุณสามารถมีกิจกรรมร่วมกับเว็บไซต์ได้ แต่ต้องล็อกอินก่อน ::
  ล็อกอิน

รายการสื่อสารสนเทศ

ลำดับที่ ประเภท เลขเรียก/บาร์โค้ด สถานที่ สถานะ
- ไม่พบข้อมูล -

BibComment


ยังไม่เคยถูกคอมเมนท์

คอมเมนท์ทรัพยากรรายการนี้
  คอมเมนท์: เลขคณิตพิชิตสมองเ..


 Copyright 2026. Bcnsprnw @Library